00746nam a2200193 a 450000500170000002000260001703700080004310000280005124500930007926000330017227000530020530000300025849000240028870000310031285600780034394200170042199900170043895200970045520120105143436.0 a9781406302301c199.00 bPUB aMcDonald, Megan 938366 aJudy Moody declares independence ! /cby Megan McDonald; illustrated Peter H. Reynolds  aLondon bWalker Books c2006 a7/16, Ansari Road, DaryaganjbNew Delhi e110002 a153p. c21cm(pbk) bill.  aJudy Moody-6938367 aReynolds, Peter H. 938302 3Table of contentsuhttp://www.loc.gov/catdir/toc/ecip0516/2005020735.html 2ddccCHmMCD c60373d60373 0010407-1aAGbAGd2012-01-05g199.00l0oMCDr2012-01-05 00:00:00v199.00w2012-01-05yCH